000 00760nam a2200193Ii 4500
003 JO-AjNU
008 230605s9999||||xx |||||||||||||| ||und||
040 _aJO-AjNU
_bara
_erda
_cJO-AjNU
041 _aara
050 1 4 _aT45.5.B3496 1994
100 3 _aجامعة العلوم التطبيقية ,
_eauthor
_952202
245 0 0 _aالبحث والتطوير والابتكار العلمي في الوطن العربي في مواجهة التحدي التكنولوجي
264 3 1 _aعمان :جامعة العلوم التطبيقية ،1994
300 _a408ص
336 _atext
_btxt
_2rdacontent
337 _aunmediated
_bn
_2rdamedia
338 _avolume
_bnc
_2rdacarrier
650 4 _aالابتكار العلمي -الوطن العربي
_952203
999 _aA23110
_c26678
_d26678